Making of the english working class (Record no. 433907)

000 -LEADER
fixed length control field 00343cam a22001217a 4500
008 - FIXED-LENGTH DATA ELEMENTS--GENERAL INFORMATION
fixed length control field 180718b1963 xxu||||| |||| 00| 0 eng d
082 ## - DEWEY DECIMAL CLASSIFICATION NUMBER
Classification number Rx42 T372m
100 ## - MAIN ENTRY--PERSONAL NAME
Personal name Thompson, E.P.
245 ## - TITLE STATEMENT
Title Making of the english working class
Statement of responsibility, etc. by E.P. Thompson
260 ## - PUBLICATION, DISTRIBUTION, ETC.
Place of publication, distribution, etc. London
Name of publisher, distributor, etc. Victor Gollancz
Date of publication, distribution, etc. 1963
300 ## - PHYSICAL DESCRIPTION
Extent 848p.
650 ## - SUBJECT ADDED ENTRY--TOPICAL TERM
Topical term or geographic name entry element English Working class
Holdings
Withdrawn status Lost status Damaged status Not for loan Permanent Location Current Location Date acquired Full call number Barcode Date last seen Price effective from Koha item type
        Indian Institute of Public Administration Indian Institute of Public Administration 2010-02-11 Rx42 T372m 34998 2018-07-21 2018-07-21 Book

Powered by Koha